=LDR 00000nam 2200000 4500 =001 NUTBA000000000002835 =005 20140702150217.0 =006 =007 =008 =020 ##$$a 978-0-7360-5438-6 =035 ##$$0010-071400000000023 =040 ##$$a NBPDMAT =082 ##$$a 796.1 =090 ##$$a 796.1$bdow b =100 ##$$a dowson,anthony =245 ##$$a bermain dan berolahraga$b100 aktivitas olahraga untuk usia 5-16 tahun$canthony dowson =260 ##$$a bandung$bpakar raya$c2013 =300 ##$$a xxi,185 hlm$bilus$c23cm =650 ##$$a olahraga dan bermain =850 ##$$a NBPNMAT =990 ##$$a 21304841 =990 ##$$a 21400613/BPAP-NTB/20142014 =990 ##$$a 0001/BPAP-NTB/20142015 =990 ##$$a 0001/BPAP-NTB/2016 =990 ##$$a 21601678/BPAP-NTB/2017